Petroleum well construction / (Record no. 2095)
[ view plain ]
| 000 -LEADER | |
|---|---|
| fixed length control field | 00857nac a22002291u 4500 |
| 008 - FIXED-LENGTH DATA ELEMENTS--GENERAL INFORMATION | |
| fixed length control field | 100905t1998 enka frb 001 0 eng d |
| 020 ## - INTERNATIONAL STANDARD BOOK NUMBER | |
| International Standard Book Number | 0471969389 |
| 020 ## - INTERNATIONAL STANDARD BOOK NUMBER | |
| International Standard Book Number | 9780471969389 |
| 040 ## - CATALOGING SOURCE | |
| Original cataloging agency | EG-ScBUE |
| Language of cataloging | eng |
| Transcribing agency | EG-ScBUE |
| Modifying agency | EG-ScBUE |
| 082 04 - DEWEY DECIMAL CLASSIFICATION NUMBER | |
| Classification number | 622.338 |
| Item number | PET |
| Edition number | 22 |
| 245 00 - TITLE STATEMENT | |
| Title | Petroleum well construction / |
| Statement of responsibility, etc | [editors] Michael J. Economides, Larry T. Watters, Shari Dunn-Norman. |
| 260 ## - PUBLICATION, DISTRIBUTION, ETC. (IMPRINT) | |
| Place of publication, distribution, etc | Chichester ; |
| -- | New York : |
| Name of publisher, distributor, etc | John Wiley, |
| Date of publication, distribution, etc | c.1998. |
| 300 ## - PHYSICAL DESCRIPTION | |
| Extent | xviii, 622 p. : |
| Other physical details | ill. ; |
| Dimensions | 29 cm. |
| 504 ## - BIBLIOGRAPHY, ETC. NOTE | |
| Bibliography, etc | Includes bibliographical references and index. |
| 650 #7 - SUBJECT ADDED ENTRY--TOPICAL TERM | |
| Topical term or geographic name as entry element | Oil wells |
| General subdivision | Design and construction. |
| 9 (RLIN) | 17955 |
| Source of heading or term | BUEsh |
| 651 ## - SUBJECT ADDED ENTRY--GEOGRAPHIC NAME | |
| Source of heading or term | BUEsh |
| 653 ## - INDEX TERM--UNCONTROLLED | |
| Resource For college | Engineering, Petroleum |
| Arrived date list | September2017 |
| 700 1# - ADDED ENTRY--PERSONAL NAME | |
| Personal name | Watters, Larry T. |
| 9 (RLIN) | 17957 |
| Relator term | editor. |
| 700 1# - ADDED ENTRY--PERSONAL NAME | |
| Personal name | Dunn-Norman, Shari, |
| 9 (RLIN) | 17958 |
| Relator term | editor. |
| 700 1# - ADDED ENTRY--PERSONAL NAME | |
| Personal name | Economides, Michael J., |
| Relator term | editor. |
| 9 (RLIN) | 17956 |
| 942 ## - ADDED ENTRY ELEMENTS (KOHA) | |
| Item type | Book - Borrowing |
| Call number prefix | 622.338ECO |
| Source of classification or shelving scheme | Dewey Decimal Classification |
| Withdrawn status | Item status | Source of classification or shelving scheme | Damaged status | Not for loan | Home library | Current library | Shelving location | Date acquired | Source of acquisition | Cost, normal purchase price | Total Checkouts | Total Renewals | Full call number | Barcode | Date last seen | Date last borrowed | Cost, replacement price | Koha item type |
|---|---|---|---|---|---|---|---|---|---|---|---|---|---|---|---|---|---|---|
| Dewey Decimal Classification | Central Library | Central Library | First floor | 05/09/2010 | Purchase | 1895.00 | 4 | 12 | 622.338 PET | 000002134 | 15/07/2025 | 03/12/2018 | 2368.75 | Book - Borrowing |